Historia natural y mítica de los elefantes
Salvato in:
| Autori principali: | , |
|---|---|
| Natura: | Libro |
| Lingua: | spagnolo |
| Pubblicazione: |
Buenos Aires
Ampersand
2019
|
| Edizione: | 1a. ed |
| Serie: | Colección Fuera de Serie
|
| Soggetti: | |
| Tags: |
Aggiungi Tag
Nessun Tag, puoi essere il primo ad aggiungerne!!
|
MARC
| LEADER | 00000cam a2200000 a 4500 | ||
|---|---|---|---|
| 001 | UCC8037 | ||
| 003 | CL-VaPUC | ||
| 005 | 20220727074333.0 | ||
| 008 | 190524e20190000ag |||||||||||||||||spa|d | ||
| 020 | |a 9789874161222 | ||
| 040 | |c Pontificia Universidad Católica de Valparaíso | ||
| 082 | 0 | 4 | |a 709.1 |b BUR |2 21 |
| 100 | 0 | |a Burucúa, José Emilio |e author |9 454828 | |
| 245 | 1 | 0 | |a Historia natural y mítica de los elefantes |
| 250 | |a 1a. ed | ||
| 260 | |a Buenos Aires |b Ampersand |c 2019 | ||
| 300 | |a 312 p | ||
| 490 | 0 | |a Colección Fuera de Serie | |
| 583 | |a last modification |c 20190524 12:30:00 |k Rodrigo Vera | ||
| 650 | 0 | |a Historia del arte |9 314877 | |
| 650 | 0 | |a Filosofía del arte |9 264951 | |
| 650 | 7 | |a ELEFANTES |2 CL-VaPUC |9 344866 | |
| 650 | 0 | |a Historia natural |9 268584 | |
| 700 | 0 | |a Kwiatkowski, Nicolás |e author |9 602737 | |
| 942 | |c BK | ||
| 945 | |d 20190524 12:30:00 |a dcastane | ||
| 999 | |c 374485 |d 374483 | ||
| 952 | |0 0 |1 0 |3 erb |4 0 |6 709_100000000000000_BUR_2019 |7 0 |8 A |9 493042 |a BIBART |b BIBART |i 5550130 |o 709.1 BUR 2019 |p 5550130 |r 2025-03-13 |w 2019-11-24 |y BK |z Catalogado en:20190524 |k ART | ||